Naciones y nacionalismo

Gardado en:
Detalles Bibliográficos
Autor Principal: Gellner, Ernest (Author)
Formato: Libro
Idioma:Lingua castelá
Publicado: Madrid Alianza 2008
Edición:2a. ed
Subjects:
Tags: Engadir etiqueta
Sen Etiquetas, Sexa o primeiro en etiquetar este rexistro!

MARC

LEADER 00000nam a2200000 a 4500
001 UCH0751
003 CL-VaPUC
008 090326e20080000SP |||||||||||||||||spa|d
020 |a 9788420647968 
082 0 4 |a 320.54  |b GEL  |2 21 
100 0 |a Gellner, Ernest  |e author  |9 463477 
245 1 0 |a Naciones y nacionalismo 
250 |a 2a. ed 
300 |a 260 p 
942 |c BK 
945 |d 20090326 00:00:00  |a rbrito 
260 |a Madrid  |b Alianza  |c 2008 
650 7 |a NACIONALISMO  |2 CL-VaPUC  |9 535063 
650 0 |a Ideologías políticas   |9 255735 
650 0 |a Política y gobierno  |9 255151 
650 7 |a FILOSOFIA POLITICA  |2 CL-VaPUC  |9 535064 
583 |a last modification  |c 20140403 05:11:41  |k Rodrigo Vera 
999 |c 332994  |d 332992 
952 |0 0  |1 0  |4 0  |6 320_540000000000000_GEL_2008  |7 0  |8 A  |9 421104  |a BIBHIS  |b BIBHIS  |d 2019-11-22  |i 4524292  |l 1  |o 320.54 GEL 2008  |p 4524292  |r 2025-01-20  |s 2023-06-05  |w 2019-11-22  |y BK  |k HIS